<?xml version="1.0" encoding="UTF-8"?>
<marc:record xmlns:marc="http://www.loc.gov/MARC21/slim">
   <marc:leader>00000nam a2200000 a 4500</marc:leader>
   <marc:datafield ind1="1" ind2=" " tag="100">
      <marc:subfield code="a">Schwieger, Frank</marc:subfield>
      <marc:subfield code="4">aut</marc:subfield>
      <marc:subfield code="e">Verfasser/-in</marc:subfield>
   </marc:datafield>
   <marc:datafield ind1="0" ind2="0" tag="245">
      <marc:subfield code="a">Ich, Athene, und die mutigen Frauen aus Olympia</marc:subfield>
   </marc:datafield>
   <marc:datafield ind1="0" ind2="0" tag="245">
      <marc:subfield code="b">live aus dem alten Griechenland</marc:subfield>
   </marc:datafield>
   <marc:datafield ind1="0" ind2="0" tag="245">
      <marc:subfield code="c">Schwieger, Frank</marc:subfield>
   </marc:datafield>
   <marc:datafield ind1=" " ind2="1" tag="264">
      <marc:subfield code="a">München</marc:subfield>
      <marc:subfield code="b">dtv</marc:subfield>
      <marc:subfield code="c">2024</marc:subfield>
   </marc:datafield>
   <marc:datafield ind1=" " ind2=" " tag="250">
      <marc:subfield code="a">Originalausgabe</marc:subfield>
   </marc:datafield>
   <marc:datafield ind1="1" ind2=" " tag="520">
      <marc:subfield code="a">Starke Frauen gab es auch in der Antike – Athene &amp; Co. packen aus!&#xD;
Athene, Göttin der Weisheit und Tapferkeit, ist reichlich geladen. Immer wollen die Männer alles bestimmen, alleine regeln und von ihren Abenteuern prahlen, zum Beispiel der alte Grummelkopf Zeus oder der Trickser Odysseus. Doch damit ist jetzt Schluss! Denn schließlich gibt es im alten Griechenland genauso viele kluge Frauen, die spannende Abenteuer erlebt und mutige Taten vollbracht haben! Darum hat Athene einige der Klügsten und Mutigsten von ihnen zusammengerufen: die trickreiche Aphrodite, die furchtlose Antigone, die selbstlose Baukis, die entschlossene Atalante, die sportliche Kydippe. Nun sind sie es, die ihre Geschichte aufschreiben und von ihren Heldinnentaten berichten …</marc:subfield>
   </marc:datafield>
   <marc:datafield ind1=" " ind2=" " tag="020">
      <marc:subfield code="a">9783423765084</marc:subfield>
      <marc:subfield code="9">9783423765084</marc:subfield>
   </marc:datafield>
   <marc:datafield ind1=" " ind2=" " tag="041">
      <marc:subfield code="a">ger</marc:subfield>
   </marc:datafield>
   <marc:datafield ind1=" " ind2=" " tag="300">
      <marc:subfield code="b">Illustrationen, Karte</marc:subfield>
   </marc:datafield>
   <marc:datafield ind1="1" ind2=" " tag="521">
      <marc:subfield code="a">Kind</marc:subfield>
   </marc:datafield>
   <marc:datafield ind1=" " ind2=" " tag="338">
      <marc:subfield code="a">Band</marc:subfield>
   </marc:datafield>
   <marc:datafield ind1=" " ind2=" " tag="300">
      <marc:subfield code="a">239 Seiten</marc:subfield>
   </marc:datafield>
</marc:record>
